Statistics for Super Smash Bros. Fan Roster V1

Click here to take the quiz!

General Stats

  • This quiz has been taken 85 times
    (83 since last reset)
  • The average score is 106 of 171

Answer Stats

SeriesFirst GameDescription#Answer% Correct
Super Mario Bros.Donkey KongThe mascot of Nintendo. No-one doesn't know this character. The character jumps around and collects coins and mushrooms.1Mario
100%
Super Mario Bros.Mario Bros.The 2nd player of most if not all main series Super Mario games. He also jumps higher then his brother Mario.2Luigi
98%
Super Mario Bros.Dr. MarioThe playable character of Dr. Mario. He loves to throw pills to kill the viruses.1eDr. Mario
97%
Super Mario Bros.Super Mario Bros.The main antagonist of the Super Mario series. He always kidnaps Peach and tries to marry her.4Bowser
91%
Super Mario Bros.Super Mario Bros.The kidnapped damsel in distress that makes it into every main title Mario game and actually had her own spin-off game.3Peach
91%
Super Mario Bros.Super Mario SunshineBowser's most loved son because the Koopalings don't get the love he gets. At least they got in as costumes for this character.5Bowser Jr.
90%
Super Mario Bros.Super Mario LandThe princess of Sarasa land. She is more competitive then Peach but can't seem to get out of the Echo Fighter spot.3eDaisy
90%
Donkey Kong CountryDonkey Kong CountryThis little guy is Donkey Kong's best friend. He has appeared by his side since the original Donkey Kong Country. He even starred as his own main character in Donkey Kong Country 2.12Diddy Kong
86%
Donkey Kong CountryDonkey Kong CountryCharacter #2 in Smash Ultimate. This giant ape has appeared in his own series with his partners Diddy Kong and Dixie Kong.11Donkey Kong
86%
Super Mario Bros.New Super Mario Bros.The final boss of New Super Mario Bros. Wii. After Bowser falls into the pit of lava, he turns into this skeleton version of Bowser.4eDry Bowser
86%
Street FighterStreet FighterThis is the clone of Ryu and is also the original clone.109eKen
86%
Yoshi's IslandSuper Mario WorldMario's pet and companion, this character has a giant appitite and when it eats certain colored Koopas, it will be given special abilities. This character also appeared in his own spin-off series.15Yoshi
86%
Yoshi's IslandTetris AttackThe magikoopa that takes care of Baby Bowser in the Yoshi's Island series. This magikoopa is the most beloved magikoopa of all and also shows up in Mario & Luigi partners in time.16Kamek
84%
Donkey Kong CountryDonkey Kong CountryThe main villain of the original Donkey Kong Country games. He is not just a king because he is also a mad scientist and a pirate.13King K Rool
84%
Super Mario Bros.Super Mario GalaxyThis pair are both originally from the original Mario Galaxy and are both some of the best characters in Mario Galaxy. 1 of the 2 is my favorite princess and the 2nd is the cutest star in the Mario Galaxy.6Rosalina & Luma
84%
Super Mario Bros.Super Mario Bros.The main inhabitant of the Mushroom Kingdom. This character has appeared as a playable character in Mario Bros. 2 and New Super Mario Bros. Wii, Wii U, and the Switch port of the Wii U one.10Toad
84%
Donkey Kong CountryDonkey Kong Country 2This girl is a friend of Diddy's that helps him save Donkey Kong from the evil King K Rool. She also appeared as her own main character in Donkey Kong Country 3.12eDixie Kong
83%
Super Mario Bros.Super Paper MarioThe only Paper Mario representative on this Smash roster. He is the evil version of Paper Luigi after Count Bleck turned everyone evil.2eMr. L
83%
Donkey Kong CountryDonkey Kong CountryThe shopkeeper in the original Donkey Kong Country that is also a playable character in Tropical Freeze's switch port. Rides a surf board and is only playable in easy mode.11eFunky Kong
81%
Super Mario Bros.Mario Kart DoubledashThe female version of Toad. She is mostly seen in spin-offs like Mario Kart and Mario Party but she is starting to appear in main series titles like Super Mario Oddysey.10eToadette
81%
Yoshi's IslandMario Kart WiiThe princess fo Sarassa Land but when she was a baby.18eBaby Daisy
79%
The Legend of ZeldaThe Legend of ZeldaThe main villain of the Zelda series. He always finds a way to become the big bad in each game.25Ganondorf
79%
The Legend of ZeldaThe Legend of ZeldaThe playable character in the Legend of Zelda series. He has an aray of items to help him on his quest to save Princess Zelda.23Link
79%
The Legend of ZeldaThe Legend of Zelda Ocarina of TimeA ninja from the Sheika tribe that helps Link in Ocarina of Time and she is actually Zelda.26Sheik
79%
The Legend of ZeldaThe Legend of ZeldaThe princess of Hyrule who always gets kidnapped by the big bad but at the end always finds away to become the hero.24Zelda
79%
Yoshi's IslandMario and Luigi Partners in TimeThe princess of the Mushroom Kingdom but when she was a baby.18Baby Peach
78%
KirbyKirby's DreamlandThe main character of Kirby.33Kirby
78%
The Legend of ZeldaThe Legend of Zelda Wind WakerThe playable character in Wind Waker who goes on an adventure to rescue his sister.29Toon Link
78%
WariowareSuper Mario Land 2:6 Golden CoinsThis character is the most greedy and disgusting man in the universe. He can turn into Wario Man with garlic and he can beat anyone up.20Wario
78%
The Legend of ZeldaThe Legend of Zelda Ocarina of TimeThe playable character in some Zelda games like Ocarina of Time and Majora's Mask. It is the younger version of Link or child Link as he is also called.23eYoung Link
78%
Donkey Kong CountryDonkey KongThis character is actually the original Donkey Kong from the arcade and the actual Donkey Kong's first game was Donkey Kong Country. This old ape is actually pretty fit to be helping Donkey Kong, Diddy Kong, and Dixie Kong in Tropical Freeze.14Cranky Kong
76%
Yoshi's IslandYoshi's Wooly WorldThis character is Yoshi but yarn. It is the playable character in Wooly World and the 3DS port.15eYarn Yoshi
76%
KirbyKirby's DreamlandThe main villain turned anti-hero that helps Kirby now and is only a boss when he is controlled by evil villains.34King Dedede
74%
KirbyKirby's AdventureAn anti-hero and the body guard for King Dedede. He wears a mask so people can tell him and Kirby apart.35Meta Knight
74%
MetroidMetroidThe dark version of Samus.41eDark Samus
72%
MotherMother 3The main character of Mother 3. He is blond and has a snake friend.58Lucas
72%
MotherMother 2 EarthboundThe main character of Earthbound. He uses pk attacks to kill enemies.57Ness
72%
PokemonPokemon Red and BlueThe starter in Pokemon Yellow. It has a heart shaped tail if it is a girl.47Pikachu
72%
MetroidMetroidThe main villain of Metroid. He is a purple dragon.43Ridley
72%
MetroidMetroidThe main character of Metroid.41Samus
72%
MetroidMetroid Prime 2Samus but without her suit.42Zero Suit Samus
72%
F-ZeroF-ZeroThe protagonist of F-zero.45Captain Falcon
71%
Fire EmblemFire Emblem FatesThe avatar character from Fire Emblem Fates. He/she is also a dragon.66Corrin
71%
Pokemon Pokemon Red and BlueThe last unlockable fighter of Smash Bros N64. 48Jigglypuff
71%
Fire EmblemFire Emblem Shadow Dragon and the Blade of LightThe most important character in the Fire Emblem series. Every other Fire Emblem character is basically a clone of him. 60Marth
71%
Kid IcarusKid IcarusThe angel that helps save Palutena. 68Pit
71%
PokemonPokemon Red and BlueThis character is the only non Pokemon character. He or she controls 3 pokemon.50Pokemon Trainer
71%
R.O.B.Mario Kart DSHis first playable appearance was in Mario Kart DS. Other than that he is a toy.88R.O.B.
71%
Fire EmblemFire Emblem AwakeningThe avatar character from Fire Emblem Awakening. He/she is also a magician.64Robin
71%
The Legend of ZeldaThe Legend of Zelda Ocarina of TimeThe younger version of Zelda from Ocarina of Time.24eYoung Zelda
71%
Super Mario Bros.Super Mario Bros. 2First appearing as a mini-boss in Mario Bros. 2, this character is starting to appear in most spin-off Mario sports games.7Birdo
69%
PokemonPokemon Red and BlueThe first of the 3 pokemon in Pokemon Trainer's arsenal. It is the fire/flying pokemon starter of gen 1.50aCharizard
69%
Fire EmblemFire Emblem AwakeningLucina's dad and a protagonist of Fire Emblem Awakening. He has the same recovery as Ike but the same other special moves as Marth.63Chrom
69%
Kid IcarusKid Icarus UprisingThe evil angel clone of Pit.68eDark Pit
69%
Star FoxStar FoxFox's best friend and has always been with Fox since Melee.37eFalco
69%
Star FoxStar FoxThe main character of the Star Fox series.37Fox
69%
Fire EmblemFire Emblem AwakeningThe echo fighter of Marth. Pretended to be him in Awakening.60eLucina
69%
PokemonPokemon Red and BlueThe genetically created pokemon and the final "boss" of Pokemon Red and Blue. It's recommended to catch it with the master ball you get. 49Mewtwo
69%
PokemonPokemon Gold and SilverThe pre evolved form of Pikachu. It evolves to Pikachu with friendship.47ePichu
69%
Fire EmblemFire Emblem The Binding BladeThe main character of Fire Emblem Binding Blade. He uses fire and is the son of Eliwood.61Roy
69%
The Legend of ZeldaThe Legend of Zelda Majora's MaskThe main villain in Majora's Mask who has a tragic backstory. He wears a mask that gives him magic powers.27Skull Kid
69%
PokemonPokemon Red and BlueThe 3rd pokemon in Pokemon Trainer. It is the gen 1 water pre evolve starter.50cSquirtle
69%
Star FoxStar Fox 64The main villain of the Star Fox games. He is a wolf.39Wolf
69%
Yoshi's IslandMario Kart 8This duo is a tag team of the baby version of Rosalina and the star she grew up with.19Baby Rosalina & Luma
67%
Fire EmblemFire Emblem Path of RadienceThe only character that is only a swordsmen that isn't a clone of Marth in someway.62Ike
67%
PokemonPokemon Sun and MoonThe final evolution of Litten.53Incineroar
67%
SplatoonSplatoonThe playable character in Splatoon. it can be a boy or a girl.83Inkling
67%
PokemonPokemon Red and BlueThe pokemon no one ever picks but the evolve form. It is the 2nd pokemon of Pokemon Trainer's arsenal.50bIvysaur
67%
Punch OutPunch OutThe playable fighter in Punch Out.79Little Mac
67%
MetroidMetroidThe main enemy in Metroid. The series is named after it.44Metroid
67%
PikminPikminThe main character of Pikmin 1 and 2. He controls Pikmin and attacks creatures and recovers ship parts and random junk to sell.72Olimar
67%
Kid IcarusKid IcarusThe godess that helps Pit in Uprising and is saved by Pit in the original.69Palutena
67%
Super Mario Bros.Super Mario Bros.A classic enemy from the original Mario Bros. This enemy has been a staple in Mario history appearing in every game with the Goomba, Koopa, Lakitu, Cheep Cheep, etc.8Piranha Plant
67%
Xenoblade ChroniclesXenoblade ChroniclesThe main character of the original game.81Shulk
67%
PikminPikmin 3The youngest of the trio in Pikmin 3. He was a costume of Olimar in Smash 4 and Ultimate.74Alph
66%
Duck HuntDuck HuntThis trio of dog, duck and gun has been in Smash since 4.89Duck Hunt
66%
PokemonPokemon X and YThe final evolution of Froakie.52Greninja
66%
Ice ClimbersIce ClimbersThis duo of mountain climbers climb ice for a living.91Ice Climbers
66%
Animal CrossingAnimal Crossing City FolkShe is the mayor in City Folk and becomes the assistant in New Leaf. 77Isabelle
66%
Star FoxStar FoxThe toad.38Slippy
66%
Animal CrossingAnimal CrossingThe avatar in the Animal Crossing games. 76Villager
66%
Wii FitWii FitThis character is the trainer in the Wii Fit game. 94Wii Fit Trainer
66%
KirbyKirby's Epic YarnThe yarn version of Kirby.33eYarn Kirby
66%
Mega ManMega ManThe main protagonist of the Mega Man franchise. He is able to take the powers of anyone he kills.102Mega Man
64%
MetroidMetroid PrimeMetal version of Ridley.43eMeta Ridley
64%
Game and WatchGame and WatchThe first retro fighter. he had his own hand held games.87Mr. Game and Watch
64%
Super Mario Bros.Luigi's MansionThe professor that gave Luigi the poltergeist in Luigi's Mansion. He also has the best ringtone in the entire Mario series.9Professor E. Gadd
64%
WariowareWarioware TouchedThe main female character in the Warioware series. She and her best friend Red the devil are ready to help Wario with whatever problem he got himself into this time.21Ashley
62%
KirbyKirby and the Amazing MirrorThe dark version of Meta Knight.35eDark Meta Knight
62%
Star FoxStar Fox AdventuresThe most unique Star Fox character. She appeared as an assist trophy in Smash Ultimate.40Krystal
62%
PokemonPokemon Diamond and PearlThe only generation 4 pokemon on the list. It has a mega evolution and is given as a gift in X and Y.51Lucario
62%
SplatoonSplatoon 2The playable character in Splatoon 2's DLC. They are basically inklings but octopuses. 83eOctoling
62%
Street FighterStreet FighterThis is the main character of the game. He loves to shoyuken.109Ryu
62%
SheriffSheriffThis sheriff is the sheriff in the game sheriff. Guess what his name is.90Sheriff
62%
Metal GearMetal GearThe main protagonist of Metal Gear. He was cut from Smash in the 4th installment but was brought back in Ultimate.101Snake
62%
SonicSonic the HedgehogThe main protagonist of the Sonic the Hedgehog franchise. He can turn into a werehog at night.97Sonic
62%
SonicSonic the HedgehogSonic's best friend and side kick. He is a genius and drives a plane.98Tails
62%
Final Fantasy Final Fantasy VIIThis character uses his buster blade to attack his foes.107Cloud
60%
SonicSonic the Hedgehog 3The guardian of the emerald on his floating island. Joins the fight with Sonic later.99Knuckles
60%
Pac-manPac-manThe main protagonist of the arcade game known as Pac-man where you control him and move him around the maze to try and eat all the pellets.105Pac-man
60%
SonicSonic Adventure 2Appeared in his own game with guns. He is a anti-hero.97eShadow
60%
KirbyKirby Superstar UltraThe main enemy but with a spear and a bandana on his head. He is a good guy in most games.36Bandana Dee
59%
Banjo KazooieBanjo KazooieThis pair of characters are a bear and a bird. Owned by Rare and is very highly requested for the new Smash Brothers game.112Banjo & Kazooie
59%
Chibbi RoboChibbi RoboThe most deserving character for Smash. He has had 4 games and is basically a walking robot. His latest game was only bought for the amiibo.86Chibbi Robo
59%
ArmsArmsThe main male character of Arms.84Spring Man
59%
SpyroSpyroThis character flies around and shoots fireballs out of his mouth.116Spyro
59%
Animal CrossingAnimal CrossingThe greedy guy that builds homes and robs you of your hard earned bells.78Tom Nook
59%
The Legend of ZeldaThe Legend of Zelda Wind WakerThe female protagonist that helps Link on his adventure disguised as someone else.30Toon Zelda
59%
BayonettaBayonettaMost overpowered character from Smash Bros 4.106Bayonetta
57%
Crash BandicootCrash BandicootThis character has to save his sister from the evil mad scientist and is the main character of his game.119Crash Bandicoot
57%
SonicSonic the HedgehogThe main villain of the Sonic the Hedgehog franchise. He traps all the animals in robots and containment units.100Dr. Eggman
57%
The Legend of ZeldaThe Legend of ZeldaAnother warrior from the Sheika tribe helping Zelda as a body guard in some games and also as a mentor in other games.26eImpa
57%
MiiMiiThis Mii uses his fists to fight.121a Mii Brawler
57%
Star FoxStar FoxThe rabbit(hare).38ePeppy
57%
MotherMother 2 EarthboundA anti-hero in Earthbound. He is a boss in Smash Bros Brawl.59Porky
57%
CastlevaniaCastlevaniaThe main protagonist of Castlevania. He has to take down the vampires.111Simon Belmont
57%
Bomber ManBomber ManThis character puts down bombs to hopefully blast its opponent.115Bomber Man
55%
Excite BikeExcite BikeThis biker bikes around a race track with other bikers.92Excite Bike
55%
MiiMiiThis Mii uses a gun to fight.121bMii Gunner
55%
MiiMiiThis Mii uses a sword to fight.121cMii Swordfighter
55%
Pac-manMs. Pac-manThe main protagonist of the clone Pac-man game. Later turned into a main series Pac-man character.105eMs. Pac-man
55%
CastlevaniaCastlevania IIIThe brother of Simon Belmont and appeared first in Smash Ultimate.111eRichter Belmont
55%
The Legend of ZeldaThe Legend of Zelda Wind WakerA pirate that helps Link on his journey that is actually Zelda in disguise.31Tetra
55%
Yoshi's IslandSuper Mario World 2:Yoshi's IslandThis team of 2 go on adventure with the help of Yoshi in the Yoshi's Island series. The duo are also babies and they are brothers.17Baby Mario & Baby Luigi
53%
PokemonPokemon Red and BlueAn echo fighter of Charizard but not part of Pokemon Trainer. It is the only final evolution dragon type in Gen 1.50aeDragonite
53%
PersonaPersona VThis character was revealed as first DLC for Smash Ultimate.120Joker
53%
Ace AttorneyPhoneix Wright:Ace AttorneyMain character of his game. He defends innocent people with his side kicks Maya and Pearl Fey. 113Phoenix Wright
53%
F-ZeroF-Zero GXThe echo fighter of Captain Falcon. He is the "clone" character in GX.45eBlood Falcon
52%
Punch OutPunch OutThe most useless character and easiest boss in Punch Out.79eGlass Joe
52%
WariowareWarioware Mega MicrogamesThese 2 sisters are awesome ninjas who train to become the best and also help everyone else with the Wario problem.22Kat & Ana
52%
Super Smash Bros.Super Smash Bros.The main boss appearing at the end of classic mode.122Master Hand
52%
MotherMotherThe main character of the original Mother game. 57eNinten
52%
Mega ManMega Man 3He appeared in Mega Man's final smash with Bass.102eProto Man
52%
Kid IcarusKid Icarus UprisingAn anti-hero in Uprising. She helps defeat Hades in the final boss.69eViridi
52%
Street FighterStreet FighterThis is the main female protagonist of Street Fighter.110Chun Li
50%
Super Smash Bros.Super Smash Bros.The twin brother of the hand before that appears as a 2nd hand in some of the newer games.122eCrazy Hand
50%
PokemonPokemon Sun and MoonThe final evolution of Rowlet.55Decidueye
50%
Kid IcarusKid Icarus UprisingThe main villain of Kid Icarus Uprising. 70Hades
50%
PokemonPokemon Red and BlueA pokemon that inhabits Mt. Moon in Red and Blue. It evolves to Clefable with a moon stone.48eClefairy
48%
The Legend of ZeldaThe Legend of Zelda Skyward SwordThe main villain in Skyward Sword who kidnaps Zelda in the game. He is also an assist trophy in Smash 4 and Ultimate.28Ghirahim
48%
ArmsArmsThe main female character of Arms.84eRibbon Girl
48%
PikminPikmin 3The captain of the trio in Pikmin 3. He is found in the Tundra map.73Charlie
47%
Mega ManMega ManThe main villain of the Mega Man franchise. He created robots to kill Mega Man.104Dr. Wily
47%
PokemonPokemon Black and WhiteAn echo fighter of Squirtle but not in Pokemon Trainer's arsenal. It is the gen 5 water starter. 50ceOshawott
47%
Super Smash Bros.Super Smash Bros. N64It is the character that you pick when you would like to be suprised at who you are playing.124Random
47%
Super Smash Bros.Super Smash Bros.The main boss in Smash Bros. Brawl's Subspace Emmisary123Tabuu
47%
PikminPikmin 3The last of the trio in Pikmin 3. It's the girl.74eBritanny
45%
PokemonPokemon Ruby and SaphireThe final evolution of Treeko. It finishes the trio of final evolution starters.54Sceptile
45%
The Legend of ZeldaThe Legend of Zelda Majora's MaskThe most beloved character of the Zelda series. JK that was a joke. He starred in his own games.32Tingle
45%
Mega ManMega Man 7He appeared in Mega Man's final smash with Proto Man.103Bass
43%
Golden SunGolden SunThe blond boy that was an assist trophy in Smash Ultimate. 85Issac
43%
PokemonPokemon Gold and SilverThe final evolution of Totodile. 56Feraligatr
41%
Rhythm HeavenRhythm HeavenThe 3 of them all sing in not harmony. Appeared in the original game along side a few others.96Chorus Kids
40%
Mega ManMega ManThe doctor who created Mega Man.104eDr. Light
40%
Yoshi's IslandSuper Mario GalaxyThe female version of Kamek. A mini boss from Mario Galaxy and 3D World.16eKamella
40%
Xenoblade ChroniclesXenoblade Chronicles 2This duo are the main characters of Xenoblade Chronicles 2.82Rex & Pyra
40%
Rhythm HeavenRhythm HeavenThis character does karate and breaks wood in his original game.95Karate Joe
38%
Punch OutPunch OutThe big guy that appeared as the main boss of the first world in Punch Out for the Wii.80King Hippo
38%
PikminPikminOne of the enemies in the Pikmin series. It is the most iconic enemy.75Bulborb
36%
PikminPikmin 2The second player of Pikmin 2. He is more of an anti-hero in Pikmin 3 as he doesn't help Alph, Britanny, and Charlie but just steals all there juice.72eLouie
34%
Fire EmblemFire Emblem The Blazing BladeThe main character of Fire Emblem Blazing Blade. He is also the father of Roy.61eEliwood
31%
F-ZeroF-ZeroThe main villain of F-zero.46Samurai Goroh
29%
Ace AttorneyAce Attorney:Appolo JusticeMain character of his game. He is a lawyer and helps people with his sidekick which is a magician and her dad is Phoenix Wright.113eAppolo Justice
28%
Kid IcarusKid IcarusA boss in Kid Icarus that can turn you into an eggplant.71Eggplant Wizzard
28%
Fire EmblemFire Emblem FatesA character from Fates. She sings for Corrin and joins his/her side no matter which side he/she chooses.67Azura
26%
Nintendo LaboNintendo LaboThis standing plastic man is actually part of a kit made by Nintendo. 93Nintendo Labo
26%
Ace AttorneyPhoenix Wright:Ace AttorneyThis is the main antagonist in the original Ace Attorney game. 114Edgeworth
22%
Final FantasyFinal FantasyThis pair of the healing mage and the powerful magic mage both appeared originally in the first Final Fantasy game and also appear in Mario hoops 3 on 3.108Black Mage & White Mage
21%
SkylandersSkylanders Spyro's AdventureThis character loves gold and launches it from his machine gun.118Trigger Happy
19%
SkylandersSkylanders Spyro's AdventureThis character has a water jet pack to fly and shoots a claw from it's hookshot.117Gill Grunt
17%
Fire EmblemFire Emblem FatesA skilled ninja that helps capture Corrin and bring her back to her real family in Fates.65Saizo
10%

Score Distribution

Percentile by Number Answered

Percent of People with Each Score

Your Score History

You have not taken this quiz since the last reset